| 000 | 00543nam a2200157Ia 4500 | ||
|---|---|---|---|
| 008 | 210716s1982 xx 000 0 und d | ||
| 020 | _a067118993X | ||
| 041 | _aeng | ||
| 082 | _a153.94 GRUE | ||
| 100 | _aGruber, Edward C;Gruber, Gary R. | ||
| 245 |
_aGraduate record examination aptitude test: a review for the verbal, math, and analytical ability parts of the test. _bReview for the verbal, math, and analytical ability parts of the test. |
||
| 250 | _a1 | ||
| 260 |
_aNew York _bPrentice Hall _c1982 |
||
| 300 | _a506 | ||
| 650 | _aNone | ||
| 999 |
_c181234 _d181234 |
||